|
|
|
|
| LEADER |
01006nam a2200253 a 4500 |
| 001 |
13379396 |
| 008 |
090708s2004 mau b 001 0 eng d |
| 010 |
|
|
|a 2003022144
|
| 020 |
|
|
|a 0631225536 (hardcover : alk. paper)
|
| 020 |
|
|
|a 0631225544 (pbk. : alk. paper)
|
| 040 |
|
|
|a DLC
|c DLC
|d DLC
|
| 082 |
0 |
0 |
|a 809.1
|2 22
|
| 245 |
0 |
0 |
|a Poetry in theory :
|b an anthology, 1900-2000 /
|c edited by Jon Cook.
|
| 260 |
|
|
|a Malden, MA :
|b Blackwell Pub.,
|c 2004.
|
| 300 |
|
|
|a xvi, 648 p. ;
|c 25 cm.
|
| 504 |
|
|
|a Includes bibliographical references (p. [619]-621) and indexes.
|
| 541 |
1 |
|
|e 00013970
|
| 650 |
|
0 |
|a Poetry, Modern
|y 20th century
|x History and criticism.
|
| 650 |
|
0 |
|a Poetry
|x History and criticism
|x Theory, etc.
|
| 650 |
|
0 |
|a Poetics.
|
| 700 |
1 |
|
|a Cook, Jon.
|
| 852 |
4 |
|
|a Ayesha Abed Library
|j General shelf
|
| 999 |
|
|
|c 2219
|d 2219
|
| 952 |
|
|
|0 0
|1 0
|2 ddc
|4 0
|6 809_100000000000000_POE_2004
|7 0
|9 2044
|a BRACUL
|b BRACUL
|c GEN
|d 2009-07-09
|g 2713.00
|l 2
|m 3
|o 809.1 POE
|p 3010013970
|r 2014-10-21
|s 2014-10-12
|t 1
|w 2009-07-09
|y BK
|